North American Sports Teams 1915-16 - Statistics

General Stats
  • This quiz has been taken 14 times
  • The average score is 20 of 33
Answer Stats
Hint Answer % Correct
Massachusetts AL: Boston Red Sox
100%
Illinois AL: Chicago White Sox
100%
Ohio NL: Cincinnati Reds
100%
Illinois NL: Chicago Cubs
92%
Ohio AL: Cleveland Indians
92%
New York AL: New York Yankees
92%
Pennsylvania NL: Philadelphia Phillies
92%
Pennsylvania NL: Pittsburgh Pirates
92%
Michigan AL: Detroit Tigers
85%
New York NL: New York Giants
85%
Ontario NHA: Ottawa Senators
85%
DC AL: Washington Senators
85%
Massachusetts NL: Boston Braves
77%
Quebec NHA: Montreal Canadiens
77%
Pennsylvania AL: Philadelphia Athletics
77%
Missouri NL: St. Louis Cardinals
77%
Missouri AL: St. Louis Browns
62%
New York NL: Brooklyn Robins
54%
Missouri FL: Kansas City Packers
46%
New York FL: Buffalo Blues
38%
Quebec NHA: Montreal Wanderers
38%
Oregon PCHA: Portland Rosebuds
38%
British Columbia PCHA: Vancouver Millionaires
38%
British Columbia PCHA: Victoria Aristocrats
38%
Maryland FL: Baltimore Terrapins
31%
New York FL: Brooklyn Tip-Tops
31%
Illinois FL: Chicago Whales
31%
Pennsylvania FL: Pittsburgh Rebels
31%
Quebec NHA: Quebec Bulldogs
31%
Washington PCHA: Seattle Metropolitans
31%
Missouri FL: St. Louis Terriers
31%
Ontario NHA: Toronto Hockey Club
31%
New Jersey FL: Newark Peppers
23%
No matching quizzes found
Score Distribution
Percent of People with Each Score
Percentile by Number Answered
Your Score History
You have not taken this quiz